| 000 -LEADER |
| fixed length control field |
00386nam a2200157Ia 4500 |
| 003 - CONTROL NUMBER IDENTIFIER |
| control field |
OSt |
| 005 - DATE AND TIME OF LATEST TRANSACTION |
| control field |
20250730170340.0 |
| 008 - FIXED-LENGTH DATA ELEMENTS--GENERAL INFORMATION |
| fixed length control field |
250310s9999||||xx |||||||||||||| ||und|| |
| 040 ## - CATALOGING SOURCE |
| Transcribing agency |
. |
| 082 ## - DEWEY DECIMAL CLASSIFICATION NUMBER |
| Classification number |
823 |
| Item number |
M4235 |
| 100 ## - MAIN ENTRY--PERSONAL NAME |
| 9 (RLIN) |
6202 |
| Personal name |
Masters, John |
| 245 #0 - TITLE STATEMENT |
| Title |
Now God Be Thanked / |
| Statement of responsibility, etc. |
John Masters |
| 260 ## - PUBLICATION, DISTRIBUTION, ETC. |
| Place of publication, distribution, etc. |
London : |
| Name of publisher, distributor, etc. |
Michael Joseph Ltd, |
| Date of publication, distribution, etc. |
1979. |
| 300 ## - PHYSICAL DESCRIPTION |
| Extent |
589 p. |
| 942 ## - ADDED ENTRY ELEMENTS (KOHA) |
| Koha item type |
Books |
| Source of classification or shelving scheme |
|